Digital signal processing design / (Record no. 182741)
[ view plain ]
| 000 -LEADER | |
|---|---|
| fixed length control field | 01029 a2200229 4500 |
| 003 - CONTROL NUMBER IDENTIFIER | |
| control field | Nust |
| 005 - DATE AND TIME OF LATEST TRANSACTION | |
| control field | 20221212112038.0 |
| 010 ## - LIBRARY OF CONGRESS CONTROL NUMBER | |
| LC control number | 88021451 |
| 020 ## - INTERNATIONAL STANDARD BOOK NUMBER | |
| International Standard Book Number | 0273027875 |
| 040 ## - CATALOGING SOURCE | |
| Transcribing agency | Nust |
| 082 00 - DEWEY DECIMAL CLASSIFICATION NUMBER | |
| Classification number | 621.3822,BAT |
| 100 1# - MAIN ENTRY--PERSONAL NAME | |
| Personal name | Bateman, Andrew. |
| 9 (RLIN) | 104633 |
| 245 10 - TITLE STATEMENT | |
| Title | Digital signal processing design / |
| Statement of responsibility, etc. | Andrew Bateman, Warren Yates. |
| 260 ## - PUBLICATION, DISTRIBUTION, ETC. | |
| Place of publication, distribution, etc. | New York, NY : |
| Name of publisher, distributor, etc. | Computer Science Press, |
| Date of publication, distribution, etc. | c1989. |
| 300 ## - PHYSICAL DESCRIPTION | |
| Extent | 385 p. : |
| Other physical details | ill. ; |
| Dimensions | 24 cm. |
| 490 1# - SERIES STATEMENT | |
| Series statement | Electrical engineering, communications, and signal processing |
| 505 ## - FORMATTED CONTENTS NOTE | |
| Formatted contents note | Fundamentals (Page-1), Theory and Application of Discrete Signal Processing (Page-43), Basic Programming Consideration (Page-87), Digital Filters (Page-125), Spectral Analysis and the FFT (Page-225), General Signal Processing Algorithms (Page-279), Hardware /Software Devices Support (Page-333). |
| 650 #0 - SUBJECT ADDED ENTRY--TOPICAL TERM | |
| Topical term or geographic name entry element | Telecommunication Engineering |
| 700 1# - ADDED ENTRY--PERSONAL NAME | |
| Personal name | Yates, Warren. |
| 9 (RLIN) | 104634 |
| 830 #0 - SERIES ADDED ENTRY--UNIFORM TITLE | |
| Uniform title | Electrical engineering communications and signal processing series. |
| 9 (RLIN) | 96481 |
| 942 ## - ADDED ENTRY ELEMENTS (KOHA) | |
| Source of classification or shelving scheme | |
| Koha item type | Book |
| Withdrawn status | Lost status | Source of classification or shelving scheme | Damaged status | Not for loan | Permanent Location | Current Location | Shelving location | Date acquired | Full call number | Barcode | Date last seen | Price effective from | Koha item type | Public note |
|---|---|---|---|---|---|---|---|---|---|---|---|---|---|---|
| Military College of Signals (MCS) | Military College of Signals (MCS) | General Stacks | 12/12/2016 | 621.3822,BAT | MCS26129 | 12/08/2016 | 12/12/2016 | Book | Almirah No.36, Shelf No.2 |
